00661nam a2200169Ia 4500008004100000082001800041100001500059245002500074250000800099260002300107300001000130650002200140942001200162952015100174952015100325999001500476150201s2007 xx 000 0 und d a617.6bR2007D aDOWD,FRANK aREVIEW FOR THENBDE-2 a1ST bMOSBYaDELHIc2007 a1-418 aGENERAL DENTISTRY 2ddccBK 00102ddc4070aFDbFDd2008-01-09eDELHI BOOK STORE (DELHI)g595.00h2iSGTUl0o617.6 R2007DpFD4728r2015-02-09 00:00:00w2012-10-16yBKk1550 00102ddc4070aFDbFDd2008-01-09eDELHI BOOK STORE (DELHI)g595.00h2iSGTUl0o617.6 R2007DpFD4729r2015-02-09 00:00:00w2012-10-16yBKk1550 c3820d3820